000 06662nam a22005531 4500
005 20050808122104.0
008 721219s1962 nyu | 00| 0 eng
010 _aB-340566-592
020 _a9788187471455
_c495.00
035 _aB-340566-592
037 _bStandard Publishers
040 _adpl
_bEnglish
082 _a796.3309
100 _aBandyopadhyay, Kausik
245 _aPlaying for freedom :
_cby Kausik Bandyopadhyay
_ba historic sports victory /
260 _aNew Delhi
_bStandard Publishers
_c2008
270 _a225, Gupta Place, A-2/42, Rajouri Garden Main Road
_bNew Delhi
_e110027
_k91-011-25415043,25435043
_l91-011-25374397
_msrallbooks3@bol.net.in
300 _a174 p.
_c23 cm. (Hb)
500 _aincludes bibliographical references & index
942 _cEN
_h796.3309
_mBAN
_2ddc
999 _c24454
_d24454